Esparta y atenas; la democracia ateniense /

Guardado en:
Autor Principal: Galiana, María A
Formato: Libro
Publicado: Madrid : Cincel-kapelusz, 1980
Series:Historia Universal, 4
Materias:
Etiquetas: Agregar Etiqueta
Sin Etiquetas, Sea el primero en etiquetar este registro!
LEADER 00607nam a22002055a 4500
001 CEM.cems002669
005 20060217000000.0
008 130507s1980##################000#0#####d
003 CEMS
082 0 4 |a 938 
100 1 |a Galiana, María A 
245 1 0 |a Esparta y atenas; la democracia ateniense /  |c María A Galiana 
260 |a Madrid :  |b Cincel-kapelusz,  |c 1980 
300 |a 64 p. 
490 0 |a Historia Universal, 4 
653 |a Democracia ateniense 
653 |a Historia 
653 |a Historia antigua y medieval 
653 |a Historia de grecia 
859 |a CEMS  |b BIB. CEMS - 11 de abril  |h 938  |i G133  |p 13675.85  |t Ej.1